000 00268nam a2200109Ia 4500
001 1276096
005 20260417160440.0
008 260417s9999 xx 000 0 und d
020 _a9786255998033
245 0 _aKızıl Küre
_cZübeyir Tokgöz
260 _bKetebe Genç
999 _c1276096
_d1276096